000 00500nam a22001697a 4500
003 OSt
005 20251002034413.0
008 251002b |||||||| |||| 00| 0 eng d
020 _a81-7141-756-6
040 _aDWC-Main Lib.
_cOC
100 _aYADAV, P.R.
245 _aEnvironmental biology/
_cYADAV, P.R.
260 _aNew Delhi :
_bDiscovery Publishing,
_cc2011.
300 _a302 pages :
_billustrations ;
_c22 cm.
650 _a1. Environmental problems.
942 _2ddc
_cBK-CIRC
_hCirc.
_n0
999 _c4635
_d4635